| 000 | 00418cam a22001337a 4500 | ||
|---|---|---|---|
| 008 | 180718b1967 xxu||||| |||| 00| 0 eng d | ||
| 082 | _aN13x73 M132 | ||
| 100 | _aMacCloskey, Monro | ||
| 245 |
_aUnited States air force _cby Monro MacCloskey |
||
| 260 |
_aNew York _bPraeger _c1967 |
||
| 300 | _a244p. | ||
| 500 | _aPraeger Library of U.S. Government Departments and Agencies, $5.95 | ||
| 650 | _aAviation, Military - USA | ||
| 999 |
_c372664 _d372664 |
||